Patterns of industrial bureaucracy. (Record no. 8847)

MARC details
000 -LEADER
fixed length control field 00588nam a22002171 4500
001 - CONTROL NUMBER
control field 4529026
003 - CONTROL NUMBER IDENTIFIER
control field OSt
005 - DATE AND TIME OF LATEST TRANSACTION
control field 20240625154158.0
008 - FIXED-LENGTH DATA ELEMENTS--GENERAL INFORMATION
fixed length control field 721213s1954 ilu 000 0 eng
010 ## - LIBRARY OF CONGRESS CONTROL NUMBER
LC control number 54008152
040 ## - CATALOGING SOURCE
Transcribing agency MUST
082 00 - DEWEY DECIMAL CLASSIFICATION NUMBER
Classification number 658.01 GOU 1954
100 1# - MAIN ENTRY--PERSONAL NAME
Personal name Gouldner, Alvin Ward,
9 (RLIN) 17878
245 10 - TITLE STATEMENT
Title Patterns of industrial bureaucracy.
Statement of responsibility, etc. Alvin w. Gouldner
260 ## - PUBLICATION, DISTRIBUTION, ETC. (IMPRINT)
Place of publication, distribution, etc. Glencoe, Ill.,
Name of publisher, distributor, etc. Free Press
Date of publication, distribution, etc. [1954]
300 ## - PHYSICAL DESCRIPTION
Extent 282 p.
Dimensions 22 cm.
504 ## - BIBLIOGRAPHY, ETC. NOTE
Bibliography, etc indexes included
650 #0 - SUBJECT ADDED ENTRY--TOPICAL TERM
Source of heading or term Industrial management.
650 #0 - SUBJECT ADDED ENTRY--TOPICAL TERM
Topical term or geographic name as entry element Bureaucracy.
9 (RLIN) 17879
942 ## - ADDED ENTRY ELEMENTS (KOHA)
Source of classification or shelving scheme Dewey Decimal Classification
Koha item type Open Shelf
Holdings
Withdrawn status Lost status Source of classification or shelving scheme Damaged status Not for loan Home library Current library Date acquired Source of acquisition Inventory number Total Checkouts Full call number Barcode Date last seen Price effective from Koha item type
    Other/Generic Classification Scheme     MUST Main Library MUST Main Library 25/06/2024 Purchase 2000/14169   658.01 GOU 1954 2024-21323 25/06/2024 25/06/2024 Open Shelf